[Event "Goldon Horseshoe op U2000"]
[Site "Mississauga CAN"]
[Date "2018.06.02"]
[Round "1.7"]
[White "Joseph Benher, Savio"]
[Black "Bergeron, Matthew"]
[Result "0-1"]
[WhiteElo "1722"]
[BlackElo "1909"]
[PlyCount "134"]
[EventDate "2018.06.02"]
[EventType "swiss"]
[EventRounds "5"]
[EventCountry "CAN"]

1. e4 e6 2. d4 d5 3. Nc3 Nf6 4. Bg5 Be7 5. e5 Nfd7 6. Bxe7 Qxe7 7. f4 O-O 8.
Nf3 a6 9. Qd2 c5 10. Ne2 b5 11. c3 Nc6 12. Ng3 c4 13. Be2 f5 14. exf6 Qxf6 15.
Qe3 Ne7 16. O-O Nf5 17. Nxf5 exf5 18. Ne5 Rb8 19. Bf3 Qd6 20. Qd2 Nf6 21. Rab1
a5 22. h3 Ba6 23. g4 Bc8 24. Rf2 fxg4 25. hxg4 Bxg4 26. Nxg4 Nxg4 27. Bxg4 Qg6
28. Qd1 h5 29. Rg2 hxg4 30. Rxg4 Qe4 31. Qe1 Rxf4 32. Qxe4 Rxe4 33. Rxe4 dxe4
34. Re1 Re8 35. Kg2 Kf7 36. Kg3 Kf6 37. Kg4 g5 38. Re2 b4 39. Re3 bxc3 40. bxc3
a4 41. Re1 a3 42. Re3 Rh8 43. Rxe4 Rh4+ 44. Kf3 Rh3+ 45. Ke2 Rxc3 46. Kd2 Rd3+
47. Kc2 Kf5 48. Re5+ Kf4 49. Re8 Rxd4 50. Kc3 Re4 51. Rf8+ Kg3 52. Kb4 Re3 53.
Kxc4 g4 54. Rg8 Kh3 55. Kd4 Re2 56. Kc3 g3 57. Kb3 Re3+ 58. Kc2 Kh2 59. Kd2 Rf3
60. Ke2 Rf2+ 61. Ke3 Rf7 62. Ke4 g2 63. Rh8+ Kg1 64. Ke3 Kf1 65. Rg8 g1=Q+ 66.
Rxg1+ Kxg1 67. Kd3 Rc7 0-1

[Event "Goldon Horseshoe op U2000"]
[Site "Mississauga CAN"]
[Date "2018.06.02"]
[Round "1.8"]
[White "Nazareno, Merlin"]
[Black "Wang, Eric"]
[Result "1-0"]
[WhiteElo "1894"]
[BlackElo "1684"]
[PlyCount "89"]
[EventDate "2018.06.02"]
[EventType "swiss"]
[EventRounds "5"]
[EventCountry "CAN"]

1. d4 d5 2. e3 Nf6 3. Bd3 e6 4. Nd2 Bd6 5. f4 Nbd7 6. Ngf3 c5 7. Ne5 b6 8. c3
Bb7 9. Qf3 Qc7 10. O-O Ng8 11. Rf2 Ne7 12. Nf1 g6 13. g4 f6 14. Nxd7 Qxd7 15.
Qh3 O-O-O 16. a4 a6 17. Ng3 Kb8 18. Qf1 Ka7 19. e4 f5 20. e5 Bc7 21. a5 c4 22.
axb6+ Bxb6 23. Be2 Qc8 24. Bd2 Nc6 25. Be3 Nb8 26. Ra3 Bc6 27. Qb1 Bb5 28. Nf1
Kb7 29. Nd2 Qc6 30. Qc2 h5 31. g5 Kc8 32. Rf1 Rh7 33. Rfa1 Ra7 34. Qc1 Rdd7 35.
b3 Rdc7 36. bxc4 Bxc4 37. Nxc4 dxc4 38. Bf3 Qe8 39. Rb1 Nd7 40. Rb2 Qe7 41. Ra4
Kd8 42. Qb1 Ke8 43. Rxb6 Nxb6 44. Qxb6 Qd7 45. Ra5 1-0

[Event "Goldon Horseshoe op U2000"]
[Site "Mississauga CAN"]
[Date "2018.06.02"]
[Round "1.9"]
[White "Ran, Charles"]
[Black "Milinkovic, Mate"]
[Result "0-1"]
[WhiteElo "1655"]
[BlackElo "1869"]
[PlyCount "80"]
[EventDate "2018.06.02"]
[EventType "swiss"]
[EventRounds "5"]
[EventCountry "CAN"]

1. e4 c5 2. Nc3 e6 3. f4 d5 4. Bb5+ Bd7 5. Bxd7+ Qxd7 6. exd5 exd5 7. Qe2+ Be7
8. d3 Nf6 9. Nf3 Nc6 10. O-O O-O 11. Nd1 Rfe8 12. c3 Bd6 13. Qc2 Re7 14. d4 Ne4
15. Nf2 cxd4 16. cxd4 Rc8 17. Qb3 Nxf2 18. Rxf2 Qf5 19. Ne5 Nxd4 20. Qxd5 Bxe5
21. fxe5 Qxe5 22. Qxe5 Rxe5 23. Bf4 Ne2+ 24. Kf1 Nxf4 25. Rxf4 Rc2 26. Rd1 g5
27. Rf2 Rec5 28. Rfd2 Kg7 29. Ke1 b5 30. Rxc2 Rxc2 31. Rd2 Rxd2 32. Kxd2 f5 33.
Kd3 Kf6 34. Kd4 f4 35. Ke4 a5 36. g3 fxg3 37. hxg3 h5 38. b3 b4 39. Kf3 Ke5 40.
Ke3 Kd5 0-1

[Event "Goldon Horseshoe op U2000"]
[Site "Mississauga CAN"]
[Date "2018.06.02"]
[Round "2.1"]
[White "Khachaturov, Vadim"]
[Black "Nazareno, Merlin"]
[Result "0-1"]
[WhiteElo "1966"]
[BlackElo "1894"]
[PlyCount "102"]
[EventDate "2018.06.02"]
[EventType "swiss"]
[EventRounds "5"]
[EventCountry "CAN"]

1. e4 Nc6 2. d4 d5 3. e5 Bf5 4. c3 Qd7 5. Bd3 O-O-O 6. Nf3 f6 7. Bxf5 Qxf5 8.
Qe2 h5 9. Nh4 Qh7 10. f4 g5 11. fxg5 fxe5 12. dxe5 d4 13. O-O e6 14. g3 Bc5 15.
Kh1 Nge7 16. Rf6 Rhf8 17. g6 Nxg6 18. Rxg6 d3 19. Qe1 Qd7 20. Nd2 Rf2 21. Ndf3
Re2 22. Qd1 Qd5 23. Bf4 Qe4 24. Qb3 d2 25. Qxe6+ Kb8 26. Bxd2 Rdxd2 27. Rg8+
Nd8 28. Qh3 Rf2 29. Rf1 a5 30. Rxf2 Bxf2 31. Qf5 Rd1+ 32. Kg2 Qe2 33. Kh3 Ka7
34. Qxh5 Bb6 35. Qg4 Nc6 36. e6 Rb1 37. b4 axb4 38. cxb4 Rxb4 39. Qg6 Qf1+ 40.
Ng2 Qxf3 41. Qf7 Qe4 42. Rg7 Rb2 43. Nf4 Qh1 44. Qf8 Rxh2+ 45. Kg4 Qd1+ 46. Kg5
Qf3 47. Kf5 Rh5+ 48. Kf6 Bd4+ 49. Kf7 Rf5+ 50. Ke8 Rxf8+ 51. Kxf8 Bf2 0-1

[Event "Goldon Horseshoe op U2000"]
[Site "Mississauga CAN"]
[Date "2018.06.02"]
[Round "2.2"]
[White "Milinkovic, Mate"]
[Black "Bu, Kevin"]
[Result "0-1"]
[WhiteElo "1869"]
[BlackElo "1958"]
[PlyCount "97"]
[EventDate "2018.06.02"]
[EventType "swiss"]
[EventRounds "5"]
[EventCountry "CAN"]

1. e4 Nf6 2. Nc3 e5 3. Nf3 Bb4 4. Bc4 d6 5. d3 O-O 6. Bg5 Be6 7. Bb3 Nc6 8. O-O
Bxb3 9. axb3 Bxc3 10. bxc3 Re8 11. Qd2 a6 12. Rfe1 Nb8 13. Rad1 Nbd7 14. h3 h6
15. Bh4 Qc8 16. Bg3 Nc5 17. Nh4 Nh5 18. Bh2 Ne6 19. Nf5 Nhf4 20. Re3 Ng6 21.
Rg3 Kh7 22. h4 Qd8 23. h5 Ngf4 24. d4 g6 25. hxg6+ fxg6 26. Ne3 Ng5 27. f3 Nh5
28. Rg4 Qe7 29. Rf1 Rad8 30. Qd3 c6 31. Qc4 Nf4 32. Bxf4 exf4 33. Nd1 h5 34.
Rh4 Nxf3+ 35. Rxf3 Qxh4 36. Qf7+ Kh6 37. Qxb7 Rxe4 38. Qxc6 Re1+ 39. Rf1 Rde8
40. Nf2 R8e2 41. Qf3 Re3 42. Qa8 Re8 43. Qxa6 f3 44. Qc6 fxg2 45. Qxg2 Rxf1+
46. Kxf1 Qf4 47. Qc6 Rf8 48. Qg2 Qc1+ 49. Ke2 0-1

[Event "Goldon Horseshoe op U2000"]
[Site "Mississauga CAN"]
[Date "2018.06.02"]
[Round "2.3"]
[White "Calvelo, Jelvis"]
[Black "Supsup, Ferdinand"]
[Result "0-1"]
[WhiteElo "1950"]
[BlackElo "1754"]
[PlyCount "128"]
[EventDate "2018.06.02"]
[EventType "swiss"]
[EventRounds "5"]
[EventCountry "CAN"]

1. c4 e5 2. Nc3 Nc6 3. g3 f5 4. Bg2 Nf6 5. d3 Bb4 6. Bd2 O-O 7. a3 Bxc3 8. Bxc3
d6 9. b4 Qe8 10. e3 Kh8 11. Nh3 Qh5 12. Qxh5 Nxh5 13. f4 Re8 14. O-O Nf6 15.
Ng5 h6 16. Bxc6 bxc6 17. fxe5 Ng4 18. Nf3 Nxe5 19. Bxe5 dxe5 20. Nh4 a5 21. b5
cxb5 22. cxb5 Rd8 23. Ng6+ Kh7 24. Nxe5 Rd5 25. d4 Rxb5 26. Rfc1 Ra7 27. Rab1
Ba6 28. Kf2 Rab7 29. Rxb5 Bxb5 30. Rb1 Bc6 31. Rxb7 Bxb7 32. Ke2 g5 33. Kd3 Bd5
34. g4 Be4+ 35. Ke2 fxg4 36. Nxg4 Kg6 37. Ne5+ Kf5 38. Kf2 h5 39. Nc4 a4 40.
Kg3 Bd5 41. Nd2 h4+ 42. Kf2 g4 43. Nb1 Be4 44. Nc3 Bc6 45. e4+ Bxe4 46. Nxa4
Kf4 47. Nc5 g3+ 48. hxg3+ hxg3+ 49. Kg1 Bd5 50. Na6 c6 51. a4 Ke3 52. a5 Kxd4
53. Nb4 Be4 54. a6 c5 55. Na2 c4 56. a7 Kd3 57. Nc1+ Kd2 58. Ne2 g2 59. Nd4 c3
60. Nb3+ Kd1 61. Nc5 Ba8 62. Na4 c2 63. Nc3+ Kd2 64. Na2 c1=Q+ 0-1

[Event "Goldon Horseshoe op U2000"]
[Site "Mississauga CAN"]
[Date "2018.06.02"]
[Round "2.4"]
[White "Bergeron, Matthew"]
[Black "Zarezadegan, Fariborz"]
[Result "1-0"]
[WhiteElo "1909"]
[BlackElo "1603"]
[PlyCount "117"]
[EventDate "2018.06.02"]
[EventType "swiss"]
[EventRounds "5"]
[EventCountry "CAN"]

1. e4 d5 2. exd5 Nf6 3. Nf3 c6 4. d4 cxd5 5. Bd3 Bg4 6. Bf4 Nc6 7. c3 e6 8.
Nbd2 Bd6 9. Bg5 h6 10. Bh4 g5 11. Bg3 Bxg3 12. hxg3 Qd6 13. Qb3 O-O-O 14. O-O-O
Nd7 15. Rde1 e5 16. dxe5 Qc5 17. Rhf1 a6 18. Qc2 Be6 19. Nb3 Qb6 20. Nbd4 Na7
21. Bf5 Kb8 22. Qb3 Qxb3 23. axb3 Bxf5 24. Nxf5 Nc5 25. Kc2 Nb5 26. Rh1 g4 27.
N3d4 h5 28. Nxb5 axb5 29. Nd6 Rd7 30. Nxb5 Ne4 31. Re2 Rh6 32. Rd1 f5 33. c4
Rb6 34. Nc3 Nc5 35. cxd5 Nxb3 36. e6 Rd8 37. e7 Re8 38. d6 Nc5 39. Na4 Nd7 40.
Nxb6 Nxb6 41. d7 Nxd7 42. Rxd7 Kc8 43. Rd5 h4 44. gxh4 f4 45. Rd8+ Rxd8 46.
exd8=Q+ Kxd8 47. h5 f3 48. gxf3 gxf3 49. Re3 b5 50. b4 Kc7 51. h6 Kd6 52. h7
Kd5 53. h8=Q Kc4 54. Qh4+ Kd5 55. Qe4+ Kd6 56. Qe7+ Kc6 57. Qc5+ Kb7 58. Re7+
Ka6 59. Ra7# 1-0

[Event "Goldon Horseshoe op U2000"]
[Site "Mississauga CAN"]
[Date "2018.06.23"]
[Round "2.5"]
[White "Subramanian, Arun"]
[Black "Huang, Youhe"]
[Result "1/2-1/2"]
[WhiteElo "1950"]
[BlackElo "1950"]
[PlyCount "66"]
[EventDate "2018.06.02"]
[EventType "swiss"]
[EventRounds "5"]
[EventCountry "CAN"]

1. d4 Nf6 2. Nf3 g6 3. g3 Bg7 4. Bg2 O-O 5. O-O d6 6. Nbd2 Re8 7. b3 Nbd7 8.
Bb2 c5 9. Re1 cxd4 10. Nxd4 d5 11. c4 e5 12. Nb5 Qb6 13. a4 Ng4 14. e3 Nc5 15.
Bf1 Rd8 16. b4 Qf6 17. Qf3 Qxf3 18. Nxf3 Nb3 19. Rad1 Be6 20. c5 a5 21. h3 Nh6
22. Nc7 Rac8 23. Nxe6 fxe6 24. Bxe5 axb4 25. Bxg7 Kxg7 26. Rb1 Nxc5 27. Rxb4
Nf7 28. Rc1 Nd6 29. Nd4 Kf6 30. Nb5 Ke7 31. Nxd6 Kxd6 32. Rd1 Kc7 33. Rc1 Kd6
1/2-1/2

[Event "Goldon Horseshoe op U2000"]
[Site "Mississauga CAN"]
[Date "2018.06.02"]
[Round "2.6"]
[White "Hack, Justin"]
[Black "Gao, Raymond"]
[Result "1/2-1/2"]
[WhiteElo "1761"]
[BlackElo "1756"]
[PlyCount "49"]
[EventDate "2018.06.02"]
[EventType "swiss"]
[EventRounds "5"]
[EventCountry "CAN"]

1. d4 Nf6 2. c4 e6 3. Nf3 b6 4. g3 Bb7 5. Bg2 Bb4+ 6. Bd2 Qe7 7. O-O Bxd2 8.
Nbxd2 O-O 9. Qc2 d5 10. Rac1 c6 11. Ne5 c5 12. dxc5 bxc5 13. Qb3 Nc6 14. Nxc6
Bxc6 15. cxd5 Bxd5 16. Bxd5 exd5 17. e3 Rab8 18. Qa3 Rfc8 19. Rc2 Rb7 20. b3
Rbc7 21. Rfc1 h6 22. Qa5 Ng4 23. Qc3 Rc6 24. h3 Nf6 25. Qd3 1/2-1/2

[Event "Goldon Horseshoe op U2000"]
[Site "Mississauga CAN"]
[Date "2018.06.02"]
[Round "2.7"]
[White "Gillanders, Robert"]
[Black "Talsma, Shawn"]
[Result "1/2-1/2"]
[WhiteElo "1763"]
[BlackElo "1940"]
[PlyCount "107"]
[EventDate "2018.06.02"]
[EventType "swiss"]
[EventRounds "5"]
[EventCountry "CAN"]

1. d4 Nf6 2. c4 g6 3. Nc3 d5 4. cxd5 Nxd5 5. e4 Nxc3 6. bxc3 Bg7 7. Bc4 c5 8.
Be3 O-O 9. Ne2 Qc7 10. Rc1 Nc6 11. O-O Rd8 12. f3 Rb8 13. a4 Bd7 14. Bf4 e5 15.
Bg5 exd4 16. Bxd8 Rxd8 17. cxd4 Nxd4 18. Nxd4 Bxd4+ 19. Qxd4 cxd4 20. Bxf7+
Kxf7 21. Rxc7 Ke6 22. a5 Ba4 23. Rf2 b5 24. axb6 axb6 25. Rd2 b5 26. Rc6+ Kf7
27. f4 d3 28. Kf2 Bc2 29. Rcxc2 dxc2 30. Rxc2 b4 31. Ke3 Rb8 32. Rb2 b3 33. Kd3
Rb4 34. g3 g5 35. fxg5 Ke6 36. Kc3 Rxe4 37. Kxb3 Rg4 38. Kc3 Kf5 39. Rb5+ Kg6
40. Kd3 Ra4 41. Ke3 Ra3+ 42. Kf4 Ra4+ 43. Kf3 Ra3+ 44. Ke4 Ra4+ 45. Ke5 Kxg5
46. Rb8 Ra5+ 47. Ke6 Ra6+ 48. Kf7 Ra5 49. Ke6 Ra6+ 50. Kf7 Ra7+ 51. Kg8 h5 52.
Kh8 h4 53. gxh4+ Kxh4 54. Rb5 1/2-1/2

[Event "Goldon Horseshoe op U2000"]
[Site "Mississauga CAN"]
[Date "2018.06.02"]
[Round "2.8"]
[White "Wang, Eric"]
[Black "Liu, Harrison"]
[Result "1/2-1/2"]
[WhiteElo "1684"]
[BlackElo "1839"]
[PlyCount "107"]
[EventDate "2018.06.02"]
[EventType "swiss"]
[EventRounds "5"]
[EventCountry "CAN"]

1. c4 Nf6 2. Nc3 d5 3. cxd5 Nxd5 4. e4 Nxc3 5. bxc3 g6 6. d4 Bg7 7. Nf3 c5 8.
Bb2 O-O 9. Be2 Nc6 10. O-O Bg4 11. d5 Na5 12. Nd2 Bxe2 13. Qxe2 e6 14. dxe6
fxe6 15. Nb3 Rc8 16. Qb5 Nxb3 17. Qxb3 c4 18. Qc2 Qd3 19. Rac1 Bh6 20. Rfd1
Qxc2 21. Rxc2 Rfd8 22. Rxd8+ Rxd8 23. g3 Kf7 24. f4 g5 25. Bc1 gxf4 26. Bxf4
Bg7 27. Rd2 Rxd2 28. Bxd2 b5 29. Kf2 a5 30. a3 Bf8 31. Bc1 b4 32. cxb4 axb4 33.
axb4 Bxb4 34. Ke2 Kf6 35. Bb2+ Kg5 36. h3 Bd6 37. Kf3 Bb4 38. Bc1+ Kf6 39. Ke3
Be1 40. g4 Ke5 41. Ba3 c3 42. Kd3 Kf4 43. Bd6+ Kf3 44. g5 Bd2 45. Bb4 Bxg5 46.
Bxc3 Kg3 47. Ke2 Bf4 48. Be1+ Kxh3 49. Kf3 e5 50. Bb4 h5 51. Be7 h4 52. Kf2
Bg3+ 53. Kg1 Kg4 54. Bf6 1/2-1/2

[Event "Goldon Horseshoe op U2000"]
[Site "Mississauga CAN"]
[Date "2018.06.02"]
[Round "2.9"]
[White "Liao, Joseph"]
[Black "Joseph Benher, Savio"]
[Result "1/2-1/2"]
[WhiteElo "1801"]
[BlackElo "1722"]
[PlyCount "75"]
[EventDate "2018.06.02"]
[EventType "swiss"]
[EventRounds "5"]
[EventCountry "CAN"]

1. e4 c5 2. d4 cxd4 3. c3 d3 4. Bxd3 d6 5. c4 Nf6 6. Nc3 g6 7. Nf3 Bg7 8. h3
O-O 9. O-O Nc6 10. Bg5 Nd7 11. Qd2 Nde5 12. Nxe5 Nxe5 13. Be2 Be6 14. Nd5 Bxd5
15. exd5 Rc8 16. Rac1 Re8 17. b3 a5 18. f4 Nd7 19. f5 Ne5 20. fxg6 hxg6 21. Kh1
b6 22. Rce1 Qd7 23. Bh6 Rb8 24. Rf2 Ra8 25. Ref1 a4 26. Bxg7 Kxg7 27. Qd4 f6
28. b4 Qc7 29. Rc1 Reb8 30. Bf1 Rc8 31. Rfc2 Qa7 32. a3 Rc7 33. Be2 Rb8 34. Rc3
Rbc8 35. Bg4 Rb8 36. Bd1 Rbc8 37. c5 bxc5 38. bxc5 1/2-1/2

[Event "Goldon Horseshoe op U2000"]
[Site "Mississauga CAN"]
[Date "2018.06.02"]
[Round "3.1"]
[White "Bu, Kevin"]
[Black "Nazareno, Merlin"]
[Result "1-0"]
[WhiteElo "1958"]
[BlackElo "1894"]
[Annotator ",Microsoft"]
[PlyCount "91"]
[EventDate "2018.06.02"]
[EventType "swiss"]
[EventRounds "5"]
[EventCountry "CAN"]

1. d4 d5 2. Bf4 c5 3. e3 Nc6 4. Nf3 Bg4 5. Nbd2 f6 6. Be2 e6 7. h3 Bh5 8. c3
Rc8 9. O-O g5 10. Bh2 Bg6 11. Re1 h5 12. Bf1 Kf7 13. Qb3 Na5 14. Qb5 a6 15. Qe2
Nc6 16. dxc5 Bxc5 17. e4 d4 18. Nb3 Bb6 19. cxd4 g4 20. Nh4 Bxd4 21. Nxg6 Kxg6
22. hxg4 e5 23. Rac1 Nge7 24. Bg3 h4 25. Bh2 Qb6 26. Red1 a5 27. Nxd4 Nxd4 28.
Qd2 h3 29. g5 hxg2 30. Bxg2 Rcd8 31. Qe3 Qe6 32. gxf6 Qg4 33. fxe7 Rxh2 34.
Kxh2 Rh8+ 35. Kg1 Rg8 36. Rxd4 exd4 37. Qg3 Qxg3 38. fxg3 Kf6 39. Rd1 Ke5 40.
Rf1 Re8 41. Rf5+ Ke6 42. Rxa5 Rxe7 43. Rd5 Rc7 44. Rxd4 Rc1+ 45. Kh2 Rc2 46.
Kh3 {etc.} 1-0

[Event "Goldon Horseshoe op U2000"]
[Site "Mississauga CAN"]
[Date "2018.06.02"]
[Round "3.2"]
[White "Supsup, Ferdinand"]
[Black "Bergeron, Matthew"]
[Result "1-0"]
[WhiteElo "1754"]
[BlackElo "1909"]
[PlyCount "67"]
[EventDate "2018.06.02"]
[EventType "swiss"]
[EventRounds "5"]
[EventCountry "CAN"]

1. e4 e6 2. d3 c5 3. Nf3 Nc6 4. g3 Nf6 5. Bg2 d5 6. Nbd2 h5 7. h4 Ng4 8. O-O
Be7 9. Re1 d4 10. e5 g5 11. hxg5 Bxg5 12. Nxg5 Qxg5 13. Ne4 Qxe5 14. Bf4 Qg7
15. Nd6+ Kf8 16. Bxc6 bxc6 17. Qf3 Bd7 18. Nc4 f6 19. Bd6+ Kg8 20. Bxc5 e5 21.
c3 h4 22. cxd4 hxg3 23. fxg3 Rh3 24. Re2 Kf7 25. Nd6+ Kg6 26. dxe5 Rah8 27. e6
Rh1+ 28. Qxh1 Rxh1+ 29. Kxh1 Qh6+ 30. Kg2 Qh2+ 31. Kf3 Ne5+ 32. Rxe5 fxe5 33.
exd7 Qh5+ 34. Kg2 1-0

[Event "Goldon Horseshoe op U2000"]
[Site "Mississauga CAN"]
[Date "2018.06.02"]
[Round "3.3"]
[White "Milinkovic, Mate"]
[Black "Khachaturov, Vadim"]
[Result "1/2-1/2"]
[WhiteElo "1869"]
[BlackElo "1966"]
[PlyCount "96"]
[EventDate "2018.06.02"]
[EventType "swiss"]
[EventRounds "5"]
[EventCountry "CAN"]

1. e4 e5 2. Nf3 Nf6 3. Nxe5 d6 4. Nf3 Nxe4 5. d4 d5 6. Bd3 Nc6 7. O-O Be7 8.
Bf4 O-O 9. h3 Re8 10. c3 Bf5 11. Qc2 Bg6 12. Nbd2 Bd6 13. Bxd6 Qxd6 14. Rfe1
Nxd2 15. Qxd2 Bxd3 16. Qxd3 g6 17. Re2 Rxe2 18. Qxe2 Qe7 19. Qd2 Re8 20. Re1
Qd7 21. Kf1 f6 22. Qf4 Rxe1+ 23. Nxe1 Kg7 24. Nd3 b6 25. Qf3 Nd8 26. Qe3 Ne6
27. Kg1 c6 28. h4 Qd6 29. g3 c5 30. dxc5 bxc5 31. b4 cxb4 32. Qxa7+ Kh6 33.
cxb4 Qc6 34. Qf7 Nd4 35. Nf4 Qd6 36. a3 Nf3+ 37. Kh1 Nxh4 38. Qxd5 Qc7 39. Qc5
Qb7+ 40. Nd5 Nf5 41. Kh2 Qf7 42. b5 g5 43. Kg2 Qe6 44. Kh2 Qe5 45. Qf8+ Kg6 46.
Qg8+ Kh6 47. Qf8+ Kg6 48. Qg8+ Kh6 1/2-1/2

[Event "Goldon Horseshoe op U2000"]
[Site "Mississauga CAN"]
[Date "2018.06.02"]
[Round "3.4"]
[White "Gao, Raymond"]
[Black "Calvelo, Jelvis"]
[Result "0-1"]
[WhiteElo "1756"]
[BlackElo "1950"]
[PlyCount "160"]
[EventDate "2018.06.02"]
[EventType "swiss"]
[EventRounds "5"]
[EventCountry "CAN"]

1. e4 e6 2. d4 d5 3. Nd2 dxe4 4. Nxe4 Bd7 5. Nf3 Bc6 6. Bd3 Nd7 7. c3 Ngf6 8.
Bg5 Be7 9. Bxf6 Bxf6 10. O-O Be7 11. Re1 O-O 12. Qe2 a6 13. a4 a5 14. Ng3 b6
15. Be4 Bxe4 16. Nxe4 c6 17. h3 Qc7 18. Ned2 Bf6 19. Nc4 c5 20. Rad1 cxd4 21.
Nxd4 Bxd4 22. Rxd4 Nc5 23. Qe5 Qxe5 24. Rxe5 f6 25. Re1 e5 26. Rd6 Nxa4 27.
Nxb6 Nxb6 28. Rxb6 Rab8 29. Rxb8 Rxb8 30. Ra1 Rb5 31. b4 axb4 32. cxb4 Rxb4 33.
Ra7 h6 34. Kf1 Kh7 35. g4 h5 36. f3 Rb2 37. Kg1 hxg4 38. hxg4 Kh6 39. Kf1 g6
40. Re7 Kg5 41. Re6 Ra2 42. Ke1 Ra5 43. Kf2 f5 44. Kg3 f4+ 45. Kh3 Rd5 46. Re8
Rd3 47. Kg2 Rd2+ 48. Kf1 Kf6 49. Rf8+ Ke7 50. Rg8 Kf7 51. Ra8 Rd4 52. Ke2 Rd6
53. Ra5 Kf6 54. Rb5 Ra6 55. Kd3 Ra3+ 56. Ke2 Re3+ 57. Kf2 Kg5 58. Ra5 Kh4 59.
Ra4 e4 60. fxe4 Kxg4 61. Rb4 g5 62. Ra4 Rb3 63. e5 Rb2+ 64. Kf1 Kf5 65. Kg1 g4
66. Ra6 Kxe5 67. Ra5+ Kf6 68. Kf1 g3 69. Ra8 Kf5 70. Rf8+ Kg4 71. Rc8 f3 72.
Rg8+ Kf4 73. Rf8+ Ke4 74. Re8+ Kd5 75. Rd8+ Ke6 76. Re8+ Kd7 77. Re1 g2+ 78.
Kg1 f2+ 79. Kh2 fxe1=Q 80. Kh3 g1=R 0-1

[Event "Goldon Horseshoe op U2000"]
[Site "Mississauga CAN"]
[Date "2018.06.02"]
[Round "3.5"]
[White "Huang, Youhe"]
[Black "Ran, Charles"]
[Result "1-0"]
[WhiteElo "1950"]
[BlackElo "1655"]
[PlyCount "47"]
[EventDate "2018.06.02"]
[EventType "swiss"]
[EventRounds "5"]
[EventCountry "CAN"]

1. e4 e5 2. Nf3 Nc6 3. Bc4 Nf6 4. d4 exd4 5. O-O Nxe4 6. Re1 d5 7. Bxd5 Qxd5 8.
Nc3 Qa5 9. Nxe4 Be6 10. Neg5 O-O-O 11. Nxe6 fxe6 12. Rxe6 h6 13. Qe2 g5 14. Bd2
Qd5 15. Re1 Bg7 16. Rg6 Rh7 17. Qd3 Rdh8 18. b4 Bf8 19. Re8+ Nd8 20. Ne5 Re7
21. Rxe7 Bxe7 22. Qf5+ Ne6 23. Rxe6 Rf8 24. Rf6+ 1-0

[Event "Goldon Horseshoe op U2000"]
[Site "Mississauga CAN"]
[Date "2018.06.02"]
[Round "3.6"]
[White "Zarezadegan, Fariborz"]
[Black "Subramanian, Arun"]
[Result "1/2-1/2"]
[WhiteElo "1603"]
[BlackElo "1950"]
[PlyCount "128"]
[EventDate "2018.06.02"]
[EventType "swiss"]
[EventRounds "5"]
[EventCountry "CAN"]

1. Nf3 c6 2. d4 d5 3. c4 Nf6 4. Nc3 Nbd7 5. Bf4 e6 6. a3 Be7 7. e3 a6 8. Be2
O-O 9. h3 b6 10. O-O Bb7 11. cxd5 cxd5 12. Bd3 Nh5 13. Qc2 Nxf4 14. Bxh7+ Kh8
15. exf4 f5 16. Bg6 Rf6 17. Nh4 Nf8 18. Qe2 Kg8 19. Qh5 Bc6 20. Rfe1 Bd6 21.
Rxe6 Nxe6 22. Qh7+ Kf8 23. Nxf5 Rxf5 24. Bxf5 Qf6 25. Re1 Nxf4 26. g3 g6 27.
Bg4 Nd3 28. Re2 Re8 29. Qh6+ Kf7 30. Qd2 Rxe2 31. Qxe2 Qxd4 32. Qe6+ Kg7 33.
Qxd6 Qxf2+ 34. Kh1 Qe1+ 35. Kg2 Qf2+ 36. Kh1 Qf6 37. Qxf6+ Kxf6 38. Nd1 Ke5 39.
Kg1 Kd4 40. Kf1 Bb5 41. Be2 Bc4 42. g4 Nf4 43. Bxc4 Kxc4 44. h4 d4 45. Kf2 Kb3
46. Kf3 Ne6 47. h5 gxh5 48. gxh5 Kc2 49. Nf2 d3 50. h6 Nf8 51. Ke3 Kxb2 52.
Nxd3+ Kxa3 53. Kd2 Ka4 54. Nb2+ Kb4 55. Kc2 Kc5 56. Nd3+ Kd6 57. Nf4 Ke5 58.
Nd3+ Kf5 59. Kb3 Kg6 60. Nb4 a5 61. Nc6 Ne6 62. Nxa5 Nd4+ 63. Ka4 b5+ 64. Kb4
Kxh6 1/2-1/2

[Event "Goldon Horseshoe op U2000"]
[Site "Mississauga CAN"]
[Date "2018.06.02"]
[Round "3.7"]
[White "Talsma, Shawn"]
[Black "Hack, Justin"]
[Result "1-0"]
[WhiteElo "1940"]
[BlackElo "1761"]
[PlyCount "109"]
[EventDate "2018.06.02"]
[EventType "swiss"]
[EventRounds "5"]
[EventCountry "CAN"]

1. e4 c5 2. Nf3 d6 3. d4 cxd4 4. Nxd4 Nf6 5. Nc3 Nc6 6. Bc4 e6 7. Bb3 Be7 8.
Bg5 O-O 9. f4 Qb6 10. Nf3 Na5 11. e5 Nxb3 12. axb3 Ng4 13. Qe2 Bxg5 14. Nxg5
Qe3 15. exd6 Qxf4 16. Nge4 f5 17. g3 Qe5 18. O-O-O Bd7 19. Rhe1 Bc6 20. h3 Bxe4
21. hxg4 Qxg3 22. Nxe4 fxe4 23. Qxe4 Qf4+ 24. Qxf4 Rxf4 25. Rxe6 Rxg4 26. d7
Kf7 27. Re3 Rd8 28. Rf1+ Kg6 29. Re6+ Kg5 30. Rf7 Rd4 31. Rxg7+ Kf5 32. Ree7 h5
33. Rh7 h4 34. c3 Rd6 35. Kc2 h3 36. c4 h2 37. b4 h1=Q 38. Rxh1 R8xd7 39. Rf1+
Kg6 40. Rxd7 Rxd7 41. b5 b6 42. b4 Rc7 43. Kc3 Rc8 44. Rf3 Re8 45. c5 bxc5 46.
bxc5 Rd8 47. Kc4 Rc8 48. c6 Rh8 49. b6 axb6 50. Kb5 Rh2 51. Rf4 Rb2+ 52. Rb4
Rc2 53. Kxb6 Kf7 54. Kb7 Ke7 55. c7 1-0

[Event "Goldon Horseshoe op U2000"]
[Site "Mississauga CAN"]
[Date "2018.06.02"]
[Round "3.8"]
[White "Liu, Harrison"]
[Black "Liao, Joseph"]
[Result "1-0"]
[WhiteElo "1839"]
[BlackElo "1801"]
[PlyCount "91"]
[EventDate "2018.06.02"]
[EventType "swiss"]
[EventRounds "5"]
[EventCountry "CAN"]

1. e4 c5 2. Ne2 d6 3. g3 Nf6 4. Bg2 g6 5. c3 Bg7 6. O-O O-O 7. d4 cxd4 8. cxd4
Nc6 9. Nbc3 e6 10. h3 d5 11. Bg5 dxe4 12. Nxe4 h6 13. Nxf6+ Bxf6 14. Bxh6 Bg7
15. Bxg7 Kxg7 16. Rc1 Qf6 17. Qd2 Rh8 18. Kh2 Bd7 19. Rc3 Rh7 20. Rf3 Qe7 21.
Qc3 f6 22. Re1 Rah8 23. Nf4 Qd6 24. d5 Ne5 25. Nxe6+ Bxe6 26. dxe6 Nxf3+ 27.
Qxf3 Qe7 28. Qxb7 Qxb7 29. Bxb7 Rxh3+ 30. Kg2 R3h7 31. e7 Re8 32. Bc6 Kf7 33.
Bxe8+ Kxe8 34. Kf3 Rh5 35. a4 Rc5 36. Re6 g5 37. g4 Ra5 38. b3 Rc5 39. Re3 a5
40. Kg3 Rd5 41. Re6 Rd3+ 42. Re3 Rd4 43. f3 Rb4 44. Re6 Rxb3 45. Rxf6 Kxe7 46.
Rf5 1-0

[Event "Goldon Horseshoe op U2000"]
[Site "Mississauga CAN"]
[Date "2018.06.02"]
[Round "3.9"]
[White "Joseph Benher, Savio"]
[Black "Gillanders, Robert"]
[Result "1-0"]
[WhiteElo "1722"]
[BlackElo "1763"]
[PlyCount "87"]
[EventDate "2018.06.02"]
[EventType "swiss"]
[EventRounds "5"]
[EventCountry "CAN"]

1. e4 e6 2. d4 d5 3. Nc3 Bb4 4. Nge2 dxe4 5. a3 Bxc3+ 6. Nxc3 Bd7 7. Qg4 f5 8.
Qxg7 Qf6 9. Bh6 Nc6 10. Qxf6 Nxf6 11. Bg7 Kf7 12. Bxh8 Rxh8 13. O-O-O Ne7 14.
Be2 Bc6 15. Rhg1 h5 16. f3 Ned5 17. Nxd5 exd5 18. fxe4 dxe4 19. Rdf1 Bd7 20. g3
Kg6 21. c4 c6 22. Kb1 b5 23. cxb5 cxb5 24. Rc1 a6 25. Rc5 Rd8 26. Rd1 Bc8 27.
Rc6 Kg7 28. Rdc1 Bd7 29. Rxa6 e3 30. Rc7 Nd5 31. Rc5 Nf6 32. Re5 Ng4 33. Bxg4
hxg4 34. Rxe3 Bc8 35. Ra7+ Kf8 36. Rd3 Be6 37. b3 Bd5 38. Kb2 Re8 39. Rd2 Re3
40. b4 Rb3+ 41. Kc2 Re3 42. Ra5 Bc4 43. d5 Ke7 44. d6+ 1-0

[Event "Goldon Horseshoe op U2000"]
[Site "Mississauga CAN"]
[Date "2018.06.03"]
[Round "4.1"]
[White "Supsup, Ferdinand"]
[Black "Bu, Kevin"]
[Result "1/2-1/2"]
[WhiteElo "1754"]
[BlackElo "1958"]
[Annotator ",Microsoft"]
[PlyCount "85"]
[EventDate "2018.06.02"]
[EventType "swiss"]
[EventRounds "5"]
[EventCountry "CAN"]

1. d4 d5 2. Bf4 Nf6 3. e3 e6 4. Nf3 Bd6 5. Bd3 O-O 6. Bg5 Nbd7 7. Nbd2 c5 8. c3
b6 9. O-O Bb7 10. Rc1 Re8 11. Bb5 Be7 12. Re1 a6 13. Bd3 Rc8 14. a4 Qc7 15. Bf4
Bd6 16. Bxd6 Qxd6 17. e4 dxe4 18. Nxe4 Nxe4 19. Bxe4 Bxe4 20. Rxe4 Nf6 21. Rh4
Red8 22. Qe2 Ra8 23. dxc5 Qxc5 24. Rc4 Qe7 25. Ne5 Qb7 26. Re1 h6 27. h3 Rd6
28. Rb4 Qc7 29. Rc4 Qb7 30. b4 Rad8 31. b5 axb5 32. axb5 Qd5 33. Rc7 Ra8 34.
Nc4 Rdd8 35. Nxb6 Qg5 36. c4 Rdb8 37. c5 Qf4 38. Rc6 Rd8 39. g3 Qb4 40. Kh2 Ra2
41. Qe3 Qb2 42. Kg1 Qxb5 43. Rc8 {etc.} 1/2-1/2